00356pab a2200133 454500008004000000100002600040245005800066260000900124300001300133362000800146650003100154650001100185773002600196180718b2001 xxu||||| |||| 00| 0 eng d aBhattacharjee, Kalyan aBeating about the bush, .... and beating the slowdown c2001 ap.259-63 aApr aBudget - India - 2001-2002 aBudget aManagement Accountant